The quest for the other : ethnic tourism San Cristobal, Maxico
Αποθηκεύτηκε σε:
| Κύριος συγγραφέας: | |
|---|---|
| Μορφή: | Βιβλίο |
| Γλώσσα: | English |
| Δημοσίευση: |
Seattle & London :
University Washington Press,
1994
|
| Θέματα: | |
| Ετικέτες: |
Προσθήκη ετικέτας
Δεν υπάρχουν, Καταχωρήστε ετικέτα πρώτοι!
|
MARC
| LEADER | 00000nam a2200000 i 4500 | ||
|---|---|---|---|
| 001 | 1/11949 | ||
| 008 | 980529s1994 eng d | ||
| 020 | |a 0-295-97317-x | ||
| 035 | |l 10018447 | ||
| 040 | |a GR-MY-UA |b gre |e aacr | ||
| 041 | 0 | |a eng | |
| 082 | 0 | |a 338.47917275 | |
| 100 | 1 | |a Van den Berghe, Pierre L. | |
| 245 | 1 | 4 | |a The quest for the other : |b ethnic tourism San Cristobal, Maxico / |c Pierre L. Van den Berghe |
| 260 | |a Seattle & London : |b University Washington Press, |c 1994 | ||
| 300 | |a 169 p. |b ill. | ||
| 504 | |a Includes bibliographic references and index | ||
| 650 | 0 | 0 | |a Tourism |z Mexico |z San Cristobal de las Casas. |
| 650 | 0 | 0 | |a Indians of Mexico |z Mexico |z San Cristobal de las Casas |x Social life and customs. |
| 852 | |a INST |b LESVOS |e 19980529 |h 338.47917275 VAN |p 005100014737 |q 005100014737 |t BK |y 0 | ||
| 901 | |a BIBL-1998-2 | ||
| 909 | |a Λ |b 053936 | ||
| 922 | |a 1ΕΛΗ |b 199802 |c ΚΠΣ/ΜΟΥΤΑΦΗ |d ΠΑΠΑΣΩΤΗΡΙΟΥ | ||
| 950 | |a 086/1996-02-06 | ||